Αι ξέναι προπαγάνδαι εις την επαρχίαν Πολυάνης κατά την περίοδον 1870-1912
Saved in:
| Main Author: | |
|---|---|
| Format: | Book |
| Language: | Greek |
| Published: |
Θεσσαλονίκη :
Ιδρυμα Μελετών Χερσονήσου του Αίμου,
1993
|
| Series: | Ίδρυμα Μελετών Χερσονήσου του Αίμου (Εταιρεία Μακεδονικών Σπουδών)
; 137 |
| Subjects: | |
| Tags: |
Add Tag
No Tags, Be the first to tag this record!
|
MARC
| LEADER | 00000cam a2200000 i 4500 | ||
|---|---|---|---|
| 001 | 1/99001 | ||
| 008 | 950321s1993 gr | ||| |||| ||gre|| | ||
| 035 | |l 10011139 | ||
| 040 | |a GR-MY-UA |b gre |e aacr | ||
| 041 | 0 | |a gre | |
| 082 | 0 | |a 938.664 | |
| 100 | 1 | |a Αγγελόπουλος, Αθανάσιος Αν., |d 1940- | |
| 245 | 1 | 3 | |a Αι ξέναι προπαγάνδαι εις την επαρχίαν Πολυάνης κατά την περίοδον 1870-1912 / |c Αθανάσιος Α. Αγγελόπουλος |
| 260 | |a Θεσσαλονίκη : |b Ιδρυμα Μελετών Χερσονήσου του Αίμου, |c 1993 | ||
| 300 | |a 174 σ. |b εικ. | ||
| 490 | 1 | |a Ιδρυμα Μελετών Χερσονήσου του Αίμου |v ; 137 | |
| 651 | 0 | |a Doiran, Lake Region (North Macedonia and Greece) |x History |y 19th century. | |
| 650 | 0 | |a Ethnic conflict |z Balkan Peninsula |x History |y 20th century. | |
| 830 | 0 | |a Ίδρυμα Μελετών Χερσονήσου του Αίμου (Εταιρεία Μακεδονικών Σπουδών) |v ; 137 | |
| 852 | |a INST |b LESVOS |e 19950321 |h 938.664 ΑΓΓ |p 005100002159 |q 005100002159 |t BK |y 0 | ||
| 909 | |a Λ |b 036650 | ||
| 970 | |z 2000/06/ΟΙΚΟΝΟΜΟΠΟΥΛΟΥ ΧΡΙΣΤΙΝΑ | ||